The Modern law of insurance / (Record no. 4211)
[ view plain ]
| 000 -LEADER | |
|---|---|
| fixed length control field | 00667cam a22002172 4500 |
| 001 - CONTROL NUMBER | |
| control field | 0000020885 |
| 005 - DATE AND TIME OF LATEST TRANSACTION | |
| control field | 20151217145929.0 |
| 008 - FIXED-LENGTH DATA ELEMENTS--GENERAL INFORMATION | |
| fixed length control field | 111026s xx 000 0 eng d |
| 020 ## - INTERNATIONAL STANDARD BOOK NUMBER | |
| International Standard Book Number | 8180387180 : |
| 040 ## - CATALOGING SOURCE | |
| Original cataloging agency | KABU |
| Transcribing agency | KABU |
| 100 1# - MAIN ENTRY--PERSONAL NAME | |
| Personal name | McGee, Andrew. |
| -- | 0000181534 |
| 245 14 - TITLE STATEMENT | |
| Title | The Modern law of insurance / |
| Statement of responsibility, etc. | Andrew McGee. |
| 250 ## - EDITION STATEMENT | |
| Edition statement | 3rd ed. |
| 260 ## - PUBLICATION, DISTRIBUTION, ETC. (IMPRINT) | |
| Place of publication, distribution, etc. | London : |
| Name of publisher, distributor, etc. | LexisNexis, |
| Date of publication, distribution, etc. | 2011. |
| 300 ## - PHYSICAL DESCRIPTION | |
| Extent | lxxi, 812 p. |
| 650 #0 - SUBJECT ADDED ENTRY--TOPICAL TERM | |
| Topical term or geographic name as entry element | Insurance law |
| Geographic subdivision | Great Britain. |
| -- | 0000158698 |
| 852 1# - LOCATION | |
| -- | p27111.95KES |
| 852 1# - LOCATION | |
| -- | p27111.95KES |
| 908 ## - PUT COMMAND PARAMETER (RLIN) | |
| Put command parameter | 111026 |
| 950 ## - LOCAL HOLDINGS (RLIN) | |
| -- | 1 |
| Withdrawn status | Lost status | Source of classification or shelving scheme | Not for loan | Home library | Current library | Date acquired | Total Checkouts | Full call number | Barcode | Date last seen | Price effective from | Koha item type | Date last checked out | Total Renewals |
|---|---|---|---|---|---|---|---|---|---|---|---|---|---|---|
| Library of Congress Classification | Kabarak, Main Campus | Kabarak, Main Campus | 17/12/2015 | KD1859 .M34 2011 c. 5 | 013051 | 17/12/2015 | 17/12/2015 | General Collection | ||||||
| Library of Congress Classification | Kabarak, Main Campus | Kabarak, Main Campus | 17/12/2015 | 4 | KD1859 .M34 2011 c. 4 | 21039 | 01/11/2021 | 17/12/2015 | General Collection | 18/10/2021 | ||||
| Library of Congress Classification | Kabarak, Main Campus | Kabarak, Main Campus | 17/12/2015 | 1 | KD1859 .M34 2011 c. 2 | 19744 | 18/07/2019 | 17/12/2015 | General Collection | 04/07/2019 | ||||
| Library of Congress Classification | Kabarak, Main Campus | Kabarak, Main Campus | 17/12/2015 | KD1859 .M34 2011 c. 1 | 19747 | 17/12/2015 | 17/12/2015 | General Collection | ||||||
| Library of Congress Classification | Kabarak, Main Campus | Kabarak, Main Campus | 17/12/2015 | 2 | KD1859 .M34 2011 c. 6 | 020782 | 18/06/2021 | 17/12/2015 | General Collection | 16/06/2021 | ||||
| Library of Congress Classification | Kabarak, Main Campus | Kabarak, Main Campus | 17/12/2015 | 3 | KD1859 .M34 2011 c. 3 | 19970 | 26/03/2025 | 17/12/2015 | General Collection | 23/02/2025 | 2 |